Ces marques qui sont devenues des noms communs - Statistiques

Statistiques générales
  • Ce quiz a été pris 419 fois
  • Le résultat moyen est 13 sur 20
Statistiques - réponses
Nom commun Marque % Correct
Pâte à tartiner Nutella
93%
Ruban adhésif Scotch
91%
Essuie-tout Sopalin
85%
Chariots (supermarchés) Caddie
84%
Escalier mécanique Escalator
82%
Pastis Ricard
81%
Paracétamol Doliprane
80%
Mouchoirs Kleenex
80%
Surligneur Stabilo
78%
Cape de pluie K-Way
67%
Baume à lèvre Labello
64%
Scooter Vespa
63%
Disque volant Frisbee
57%
Bains à bulles Jacuzzi
56%
Réfrigirateur Frigidaire
48%
Fenêtre Velux
48%
Bateau pneumatique à moteur Zodiac
47%
SMS Texto
46%
Toxine botulique Botox
29%
Cyclomoteur Mobylette
21%
Aucun quiz correspondant
Distribution des résultats
% des personnes avec chaque résultat
Percentile par nombre de réponses
Votre historique - résultats
Vous n’avez pas pris ce quiz